Markus Rühl Quiz - Statistiken

Allgemein
  • Dieses Quiz wurde 32 mal gespielt
    8 seit der letzten Aktualisierung
  • Das Durchschnittsergebnis liegt bei 7 aus 19
Antwortstatistiken
Hint Antwort % Korrekt
"Muss net schmegge, ____ ____" muss wirke
100%
Gewinne kannste des Ding eh net, weil wer mitgemacht hat? Bob Tschigerillo
83%
Was war seine beste Platzierung bei Mister Olympia? 5
67%
falsch
67%
"Nur _____ macht Fleisch." Fleisch
67%
Was war seine Trainingsphilosophie (______ und _____)? schwer
67%
Was war in seinem bekannten Shake? Thunfisch
67%
Welches Jahr hat er die Night of Champions gewonnen? 2002
50%
Wann bestritt er seinen letzten Wettkampf? 2010
50%
Sein Spitzname war The German ____. Beast
50%
Wie hieß seine Trainingspartnerin? Simone
33%
Wie nennt sich der Meme Channel? Roswita Rühl
17%
Wie heißt seine Ehefrau seit 2016? Alicja
0%
Wovon hatte er so ein Hoden? Anadrol
0%
In welcher Stadt lag das Sportstudio, das er jahrelang besuchte? Kelsterbach
0%
Wie heißt die gemeinsame Tochter? Lucy
0%
Welcher Doktor hat ihm den Lat wieder dran getackert? Ritsch
0%
Wie heißt sein Onlineshop? Rühl24
0%
Was ist ihm zu riskant? vegan
0%
Keine übereinstimmenden Quizze gefunden
Verteilung der Resultate
Anzahl Personen mit jedem Resultat
Perzentil nach korrekt beantworteten Fragen
Ihre Resultats-Entwicklung
Sie haben dieses Quiz seit der letzten Aktualisierung nicht gespielt